Dekalog Δεκάλογος
10 τηλεοπτικές αυτόνομες μίνι σειρές, μέσα από τις οποίες ο Κισλόφκσι καταφέρνει να θίξει μια μεγάλη γκάμα κοινωνικών, φιλοσοφικών και ηθικών ζητημάτων που έχουν άμεση σχέση με την καθημερινότητα του σύγχρονου ανθρώπου. Ο Δεκάλογος επιδεικνύει τις δέκα εντολές του Χριστιανισμού, παρ'όλα αυτά ο...
Saved in:
| Other Authors: | |
|---|---|
| Format: | |
| Language: | Polish Greek |
| Published: |
Αθήνα :
ArtFree,
2006.
|
| Subjects: | |
| Tags: |
Add Tag
No Tags, Be the first to tag this record!
|
MARC
| LEADER | 00000cgm a2200000 i 4500 | ||
|---|---|---|---|
| 001 | 1/23462 | ||
| 008 | 121018s2006 gr ||| | || ||pol|| | ||
| 035 | |l 10113249 | ||
| 040 | |a GR-MyUa |b gre |e AACR2 | ||
| 041 | 0 | |a pol |j gre | |
| 082 | 7 | |a 791.437 |2 (22) | |
| 245 | 0 | 0 | |a Dekalog |h [μαγνητοσκόπηση] = |b Δεκάλογος / |c written and directed by Krzysztof Kieslowski. |
| 246 | 1 | |i Παράλληλος τίτλος: |a Δεκάλογος | |
| 260 | |a Αθήνα : |b ArtFree, |c 2006. | ||
| 300 | |a 3 βιντεοδίσκοι (584 λεπτ.) : |b ομίλ., έγχρ. ; |c 4 3/4 ίν. | ||
| 500 | |a Κυκλοφόρησε πρώτη φορά ως τηλεοπτική μίνι σειρά της πολωνικής τηλεόρασης μεταξύ 1988 και 1989. | ||
| 505 | 8 | |a Disc 1 Δεκάλογος 1. Αγάπα τον ένα και μοναδικό Θεό. Δεκάλογος 2. Μη συκοφαντής τον πλησίον σου. Δεκάλογος 3. Να σέβεσαι την ημέρα του Κυρίου -- Disc 2 Δεκάλογος 4. Τίμα τον πατέρα σου και την μητέρα σου. Δεκάλογος 5. Ού φονεύσεις. Δεκάλογος 6. Μην επιθυμείς τα πλούτη -- Disc 3 Δεκάλογος 7. Ού κλέψεις. Δεκάλογος 8. Ού ψευδομαρτηρήσεις. Δεκάλογος 9. Μην επιθυμήσεις τη γυναίκα του πλησίον σου. Δεκάλογος 10. Μην επιθυμήσεις τα αγαθά του πλησίον σου. | |
| 508 | |a Παραγωγός σειράς, Ryszard Chutkowski ; μουσική, Zbigniew Preisner ; μοντάζ, Ewa Smal. | ||
| 520 | 8 | |a 10 τηλεοπτικές αυτόνομες μίνι σειρές, μέσα από τις οποίες ο Κισλόφκσι καταφέρνει να θίξει μια μεγάλη γκάμα κοινωνικών, φιλοσοφικών και ηθικών ζητημάτων που έχουν άμεση σχέση με την καθημερινότητα του σύγχρονου ανθρώπου. Ο Δεκάλογος επιδεικνύει τις δέκα εντολές του Χριστιανισμού, παρ'όλα αυτά οι εντολές είναι περισσότερο αφορμές για την εξέλιξη της πλοκής. | |
| 546 | |a Στα πολωνικά με υπότιτλους στα ελληνικά. | ||
| 586 | 8 | |a Ειδικό Βραβείο κριτικών, Φεστιβάλ Καννών | |
| 586 | 8 | |a Ευρωπαϊκό Βραβείο Κινηματογράφου | |
| 586 | 8 | |a Βραβείο Fipresci, Φεστιβάλ Βενετίας | |
| 586 | 8 | |a Ειδικό Βραβείο Κριτών, San Sebastian | |
| 586 | 8 | |a Βραβείο Κριτών, Sao Paolo | |
| 586 | 8 | |a Βραβείο Κριτών, Chicago | |
| 650 | 0 | |a Ten commandments |v Drama. | |
| 655 | 7 | |a Feature films |2 lcgft | |
| 700 | 1 | |a Kieslowski, Krzysztof, |d 1941-1996, |e aus |e drt | |
| 852 | |a INST |b SYROS |c AV |e 20121018 |h 791.437 KIE |p 005500010471 |q 005500010471 |t DVD |y 23 |z Disc.3 | ||
| 852 | |a INST |b SYROS |c AV |e 20121018 |h 791.437 KIE |p 005500010472 |q 005500010472 |t DVD |y 23 |z Disc.2 | ||
| 852 | |a INST |b SYROS |c AV |e 20121018 |h 791.437 KIE |p 005500010473 |q 005500010473 |t DVD |y 23 |z Disc.1 | ||
| 852 | |a INST |b SYROS |c AV |e 20121018 |h 791.437 KIE |p 005500010471 |q 005500010471 |t DVD |v Disc.3: |y 23 |z Disc.3 | ||
| 852 | |a INST |b SYROS |c AV |e 20121018 |h 791.437 KIE |p 005500010472 |q 005500010472 |t DVD |v Disc.2: |y 23 |z Disc.2 | ||
| 852 | |a INST |b SYROS |c AV |e 20121018 |h 791.437 KIE |p 005500010473 |q 005500010473 |t DVD |v Disc.1: |y 23 |z Disc.1 | ||
| 853 | |a INST |b SYROS |c AV |h 791.437 KIE | ||
| 901 | |a BIBL5-2008-1 | ||
| 922 | |a 5ΕΛΗ |b 200709 |c Βιβλιοθήκη Σύρου |d Anaco | ||
| 970 | |a Κοντού |b Παρασκευή |z 18/10/2012 | ||